Mennyit keres egy influencer? - Elemzés egy marketingügynökség 2024–2025-ös kampányadatai alapján
| Main Author: | |
|---|---|
| Other Authors: | |
| Format: | Students’ Scientific Association paper |
| Kulcsszavak: | díjazás együttműködés influencer influencer marketing közösségi média |
| Online Access: | http://dolgozattar.uni-bge.hu/60481 |
MARC
| LEADER | 00000nta a2200000 i 4500 | ||
|---|---|---|---|
| 001 | dolg60481 | ||
| 005 | 20260416073756.0 | ||
| 008 | 260416suuuu hu o 000 hun d | ||
| 040 | |a BGE Dolgozattár Repozitórium |b hun | ||
| 041 | |a hu | ||
| 100 | 1 | |a Darabánt Márta Rebeka | |
| 245 | 1 | 0 | |a Mennyit keres egy influencer? - Elemzés egy marketingügynökség 2024–2025-ös kampányadatai alapján |c Darabánt Márta Rebeka |h [elektronikus dokumentum] |
| 516 | |a Students_Scientific_Association_paper | ||
| 520 | 3 | |a Kutatásom középpontjában az influencer marketing áll, azon belül is a nano-, mikro-, makro- és sztárinfluencerek díjazásának vizsgálata. Elemzésem alapját egy marketingügynökség 2024-es és 2025-ös magyarországi kampányainak valós adatai képezik. Célom annak feltárása, hogy miként alakul a különböző influencer kategóriák díjazása a közösségimédia-felületeken végzett tevékenységeik függvényében, valamint milyen eredményeket érnek el ezek a tartalmak. Tapasztalataim szerint az influencerek díjazásáról rendkívül kevés pontos információ érhető el, ezért különösen fontosnak tartom e terület kutatását. Kutatásom kvalitatív és kvantitatív elemeket egyaránt tartalmaz, annak érdekében, hogy a témát több oldalról és minél átfogóbban vizsgálhassam. A kvalitatív kutatás keretében a marketingügynökség két munkatársával készítettem interjút. Célom az volt, hogy feltárjam, hogyan épülnek fel az influencer kampányok a tervezéstől egészen a megvalósításig, milyen lépéseik vannak, és milyen elemekből állnak. A kutatást tovább gazdagítja saját gyakorlati tapasztalatom is: részt vettem egy, az ügynökség által szervezett influencer kampányban, mint influencer. Ennek célja az volt, hogy ne csupán külső megfigyelőként írjam le a folyamatokat, hanem személyes tapasztalatokkal is alátámasszam azokat. A kvantitatív adatgyűjtés során rendszereztem és elemeztem a kampányokhoz kapcsolódó konkrét adatokat, többek között a fizetett influencerek díjazását és az általuk elért eredményeket. Arra keresem a választ, hogy a különböző influencertípusok átlagosan milyen díjazásban részesülnek a különböző platformokon előállított tartalmaik után, milyen eredmények születtek az egyes tartalmak esetében, milyen tényezők befolyásolják az influencerek díjazását, továbbá, hogy mutatkozik-e eltérés a platformok és a tartalomtípusok között a díjazás tekintetében. Kutatásom eredményei alapján megállapítható, hogy a fizetett influencerek a TikTok videók és az Instagram Reels tartalmak esetén kapták átlagosan a legmagasabb díjazást. Kapcsolatvizsgálat azt is kimutatta, hogy bizonyos tartalomtípusoknál a nagyobb követőszámmal rendelkező influencerek átlagosan magasabb díjazásban részesültek. Emellett az elemzés arra is rávilágított, hogy a vizsgált tartalomtípusok díjazásai szignifikánsan eltérnek egymástól: átlagosan a TikTok videók bizonyultak a legdrágábbnak, ezt követték az Instagram Reels tartalmak, majd az Instagram posztok, míg a legalacsonyabb átlagos díjazással az Instagram storyk rendelkeznek. | |
| 695 | |a díjazás | ||
| 695 | |a együttműködés | ||
| 695 | |a influencer | ||
| 695 | |a influencer marketing | ||
| 695 | |a közösségi média | ||
| 700 | 1 | |a Németh Dr. Krisztina |e ths | |
| 700 | 1 | |a Ország dr. Adrienn |e ths | |
| 856 | 4 | 0 | |u http://dolgozattar.uni-bge.hu/60481/1/Darab%C3%A1nt_M%C3%A1rta_Rebeka_PSZK.pdf |z Dokumentum-elérés |
| 856 | 4 | 0 | |u http://dolgozattar.uni-bge.hu/60481/2/Darab%C3%A1nt_M%C3%A1rta_Rebeka_PSZK.docx |z Dokumentum-elérés |
| 856 | 4 | 0 | |u http://dolgozattar.uni-bge.hu/60481/3/B%C3%ADr%C3%A1lat_Darab%C3%A1ntMRebeka_2025TDK_Benoist.pdf |z Dokumentum-elérés |
| 856 | 4 | 0 | |u http://dolgozattar.uni-bge.hu/60481/4/Darabant_Marta_Rebeka.pdf |z Dokumentum-elérés |